Mrs. Parkington (Запис № 278849)

МАРК-запис
000 -Лідер
fixed length control field 01383nam a22002417a 4500
001 - Контрольний номер
control field 2162214035925986
003 - Ідентифікатор контрольного номера
control field UA-OsUOA
005 - Дата та час останнього входження (трансакції)
control field 20250520140701.0
008 - Елементи даних фіксованої довжини – загальна інформація
fixed length control field 250520b -us||||| |||| 00| 0 eng d
020 ## - Міжнародний стандартний книжковий номер (ISBN)
Міжнародний стандартний книжковий номер (ISBN) (НП) 088411502X
040 ## - Джерело каталогізації
Агенція оригінальної каталогізації UA-OsUOA
Мова каталогізації ukr
Агенція, яка здійснювала перезапис UA-OsUOA
Агенція, яка здійснювала модифікацію UA-OsUOA
041 ## - Код мови
Код мови тексту/ звукової доріжки чи окремого заголовка (П) eng
080 ## - Індекс Універсальної десяткової класифікації
Індекс Універсальної десяткової класифікації (УДК) (НП) 821.111(73)
090 ## - Локальний шифр розміщення
Класифікаційний індекс УДК 821.111(73)
Авторський знак (НП) B87
100 ## - Основне введення – ім’я особи
Ім’я особи (НП) Bromfield L.
9 (RLIN) 20458
245 ## - Відомості про назву
Назва (НП) Mrs. Parkington
Дані про відповідальність (НП) Louis Bromfield
260 ## - Публікація, розповсюдження і т.п. (Вихідні дані)
Місце публікації, розповсюдження і т.п. (П) Mattituck
Ім’я/ наймення видавництва, розповсюджувача і т.п. (П) Aeonian Press, Inc.
Дата публікації, розповсюдження і т.п. (П) 1976
300 ## - Фізичний опис
Обсяг 330 p.
520 ## - Резюме і т.п.
Резюме, реферат, анотація, тощо (НП) She was a fabulously rich, fantastically famous old woman, wordly and indomitable. Within her own lifetime she had become almost a legendary figure -- stormy, glittering, tragic, but never dull.<br/><br/>Married at 17 to one of the most colorful and ruthless of the great robber barons, she had known both the famous and interestingly infamous of two continents; had seen the gaudy world of the great Fifth Aeneue chateaux come into being, flourish, and decay; and now observed with wise, weary eyes the mad, turbulent world of the 20th century. At 84, she still had more zest for life than any of her descendents, all of whom--with the exception of her great-grand-daughter Janie--she privately despised
650 ## - Додаткове предметне введення – тематичний термін
Тематичний термін чи географічна назва, як елемент введення (НП) 821 Художня література окремими мовами і мовними сім'ями
942 ## - Додаткові елементи входу (Коха)
Тип елемента Koha Книги
Source of classification or shelving scheme Universal Decimal Classification
955 ## - Код типу видання за змістом
Код типу видання за змістом (НП) Літературно-художні видання
Фонди
Стан вилучень Стан втрат Джерело класифікації або схеми стелажів Стан уражень Не для кредиту Постійне місце розташування Поточне розміщення Дата придбання Джерело придбання Вартість, звичайна ціна покупки Усього замовленно Повний номер виклику Штрих-код Дата останнього перегляду Вартість, ціна заміни Ціна ефективна від Тип елемента Koha
    Universal Decimal Classification     ВІЛ - Відділ іноземн. літератури НБ ВІЛ - Відділ іноземн. літератури НБ 08/08/2005 №346 4.00   821.111(73) B87 202691 18/11/2021 4.00 08/02/1999 Книги